00664nam a22002177a 4500003000500000005001700005008004100022010001000063011001000073035001000083040000900093082001600102110009500118245003300213260006500246300000700311490003500318500003000353650002800383830003500411CHAP20220329135300.0971013s1982 r 00010 d a33736 a34708 a38824 cCHAP a635.65bE54 aEmpresa Brasileira de Pesquisa Agropecuaria. Centro Nacional de Pesquisa de Arroz e Feijao aFeijao; resumos informativos aBrasilia :bDepartamento de Informacao e Documentacao,c1982 av. aResumos informativosv; 19 - . aLa biblioteca tiene : v.114aFrijolxBibliografía.0 aResumos informativosv; 19 - .